Atlas infantil Editora (Registo nº 2762)

Detalhes MARC
000 -Etiqueta do registo
Cabeçalho 00737nam a22002531 4500
005 - Identificador da versão
Campo de controlo 20240828112836.0
010 ## - Número internacional normalizado dos livros (ISBN)
Número (ISBN) 9720700033
021 ## - Número do Depósito Legal
Código do país PT
Número 97034/96
100 ## - Dados gerais de processamento
Dados gerais de processamento 19980528d1982 cd y0pory5003 ba
101 1# - Língua de publicação
Língua do texto, banda sonora, etc. Português
Língua do documento no original Inglês
102 ## - Pais de publicação ou produção
País de publicação Portugal
105 ## - Campo de dados codificados: livros
Dados codificados dos livros a z 001yy
106 ## - Campo de dados codificados: material textual
Dados codificados do material textual r
200 1# - Titulo e menção de responsabilidade
Título próprio Atlas infantil Editora
Informação de outro título um atlas para crianças
Primeira menção de responsabilidade Jacqueline Tivers e Michael Day
210 ## - Publicação, Distribuição, etc. 
Lugar da edição, distribuição, etc. Porto
Nome do editor, distribuidor, etc. Porto Editora
Data da publicação, distribuição, etc. cop. 1982
215 ## - Descrição física 
Indicação específica da natureza do documento e extensão da espécie 47, [1] p.
Outras indicações físicas muito il.
Dimensões 31 cm
304 ## - Notas relativas a título e menção de responsabilidade 
Texto da nota Tít. orig.: The Bartholomew children's world atlas
606 ## - Nome comum usado como assunto
Número de registo de entrada de autoridade 0001467
Palavra de ordem Geografia
Subdivisão de assunto Atlas
675 ## - Classificação Decimal Universal (CDU)
Notação 91
Edição
Língua da edição por
700 #1 - Nome de autor-pessoa física (responsabilidade principal)
Número de registo de entrada de autoridade 0001726
Palavra de ordem Tivers
Outra parte do nome não tomada para palavra de ordem Jacqueline
701 #1 - Nome de autor-pessoa física (co-responsabilidade principal)
Palavra de ordem Day
Outra parte do nome não tomada para palavra de ordem Michael
Datas 1938-
Código de função Autor / Co-autor
942 ## - Elementos de entrada adicionados (Koha)
Tipo de item no Koha Livro
Exemplares
Situação do levantamento Origin of item (home branch) (coded) Biblioteca de empréstimo Código de barras Cota Circulation type (not for loan) Tipo de documento Nota do exemplar Damaged status
  Biblioteca Escolar da Coca Maravilhas Biblioteca Escolar da Coca Maravilhas BECM3801/98 9GEO TIV   Livro Sem mensagem